Länder, die KEIN "E" enthalten - Statistiken

Allgemein
  • Dieses Quiz wurde 146 mal gespielt
  • Das Durchschnittsergebnis liegt bei 57 aus 86
Antwortstatistiken
Antwort % Korrekt
Russland
91%
Portugal
90%
China
89%
Kanada
88%
Irland
86%
Finnland
85%
Island
85%
Japan
85%
Marokko
84%
Uruguay
84%
Vatikanstadt
83%
Paraguay
80%
Monaco
78%
San Marino
77%
Ungarn
77%
Andorra
76%
Kosovo
76%
Oman
76%
Irak
74%
Iran
74%
Sudan
74%
Laos
73%
Südafrika
73%
Togo
73%
Ghana
72%
Thailand
72%
Afghanistan
71%
Honduras
71%
Malta
71%
Kasachstan
70%
Kuba
68%
Mali
68%
Panama
68%
Tonga
68%
Haiti
67%
Jamaika
67%
Katar
67%
Pakistan
67%
Südsudan
67%
Uganda
67%
Fidschi
66%
Angola
65%
Bahamas
65%
Bhutan
65%
Guyana
65%
Ruanda
65%
Costa Rica
64%
Tadschikistan
64%
Vanuatu
64%
Namibia
63%
Tuvalu
63%
Botswana
62%
Dschibuti
62%
Madagaskar
62%
Palau
62%
Sambia
62%
Samoa
62%
Gabun
61%
Kirgisistan
61%
Malaysia
61%
St. Lucia
61%
Trinidad und Tobago
61%
Bahrain
60%
Barbados
60%
Gambia
60%
Taiwan
60%
Kambodscha
59%
Malawi
59%
Somalia
59%
Libanon
58%
Nauru
58%
Dominica
57%
Nicaragua
57%
Osttimor
57%
Tansania
57%
Kuwait
55%
Myanmar
55%
Singapur
54%
Burundi
53%
Kiribati
53%
Tschad
53%
Mosambik
51%
Sri Lanka
50%
Antigua und Barbuda
49%
Burkina Faso
47%
Mauritius
43%
Keine übereinstimmenden Quizze gefunden
Verteilung der Resultate
Anzahl Personen mit jedem Resultat
Perzentil nach korrekt beantworteten Fragen
Ihre Resultats-Entwicklung
Sie haben dieses Quiz noch nicht gespielt